The position of women in Islamic countries: possibilities, constraints and strategies for change : (Record no. 2659)
[ view plain ]
| 000 -LEADER | |
|---|---|
| fixed length control field | 008290000a22002050004500 |
| 005 - DATE AND TIME OF LATEST TRANSACTION | |
| control field | 20240315131735.0 |
| 008 - FIXED-LENGTH DATA ELEMENTS--GENERAL INFORMATION | |
| fixed length control field | 230817t ||||| |||| 00| 0 eng d |
| 022 ## - INTERNATIONAL STANDARD SERIAL NUMBER | |
| ISSN | 13591398 |
| 027 ## - STANDARD TECHNICAL REPORT NUMBER | |
| Report Number | 4 |
| 082 ## - DEWEY DECIMAL CLASSIFICATION NUMBER | |
| Classification number | 305.48 |
| Item number | BAD |
| 942 ## - ADDED ENTRY ELEMENTS (KOHA) | |
| Item Type | Reports |
| 100 ## - MAIN ENTRY--PERSONAL NAME | |
| Personal Name | Baden, Sally |
| 245 ## - TITLE STATEMENT | |
| Title | The position of women in Islamic countries: possibilities, constraints and strategies for change : |
| Sub Title | report prepared for Special Programme WID, Netherlands Ministry of Foreign Affairs (DGIS) |
| 260 ## - PUBLICATION, DISTRIBUTION, ETC. (IMPRINT) | |
| Place of Publication | Brighton: |
| Name of Publisher | Institute of Development Studies, |
| Date of Copyright | 1992 |
| 300 ## - PHYSICAL DESCRIPTION | |
| Extent | iii.,40 p. ; 30 cm. |
| Physical Details | Bibliography included |
| 440 ## - SERIES STATEMENT/ADDED ENTRY--TITLE | |
| Title | Bridge briefings on development & gender |
| Volume | 4 |
| 856 ## - ELECTRONIC LOCATION AND ACCESS | |
| Uniform Resource Identifier | <a href="https://thewomenofislam.tripod.com/positionofwomen.pdf">https://thewomenofislam.tripod.com/positionofwomen.pdf</a> |
| 650 ## - SUBJECT ADDED ENTRY--TOPICAL TERM | |
| Topical Term | Muslim women- Social conditions |
| 650 ## - SUBJECT ADDED ENTRY--TOPICAL TERM | |
| Topical Term | Women- Islamic countries- Social conditions |
| Withdrawn status | Lost status | Source of classification or shelving scheme | Damaged status | Not for loan | Permanent location | Current location | Date acquired | Total Checkouts | Full call number | Barcode | Date last seen | Price effective from | Koha item type |
|---|---|---|---|---|---|---|---|---|---|---|---|---|---|
| Dewey Decimal Classification | Resource center, Muslim Women's Research And Action Forum | Resource center, Muslim Women's Research And Action Forum | 2023-08-17 | 305.48 BAD | RAF3508 | 2023-08-17 | 2023-08-17 | Reports |

